00000000cam 2200000zi 4500
0019.962550
003CaOODSP
00520260604152051
006m     o  d f      
007cr |n|||||||||
008260504s2026    onc     obs  f000 0 eng d
020 |a9780660998305
040 |aCaOODSP|beng|erda|cCaOODSP
043 |an-cn---
0861 |aPS82-4/26-02E-PDF
1001 |aFiloso, Daniella, |eauthor.
24510|aNon-fatal overdose incidents in federal custody, fiscal year 2024 to 2025 / |cprepared by Daniella Filoso and Myriam Girard.
264 1|a[Ottawa] : |bCorrectional Service Canada = Service correctionnel du Canada, |c2026.
300 |a1 online resource (1 unnumbered page)
336 |atext|btxt|2rdacontent
337 |acomputer|bc|2rdamedia
338 |aonline resource|bcr|2rdacarrier
4901 |aResearch in brief ; |vRIB-26-02
500 |aIssued also in French under title: Incidents de surdose non mortelle dans les établissements fédéraux en 2024 à 2025.
504 |aIncludes bibliographical references.
650 0|aPrisoners|xDrug use|zCanada|vStatistics.
650 0|aNarcotics|xOverdose|zCanada|vStatistics.
650 0|aDrugs|xOverdose|zCanada|vStatistics.
655 7|aStatistics|2lcgft
7102 |aCorrectional Service Canada, |eissuing body.
77508|tIncidents de surdose non mortelle dans les établissements fédéraux en 2024 à 2025 / |w(CaOODSP)9.962551
830#0|aResearch in brief (Correctional Service Canada)|vRIB-26-02.|w(CaOODSP)9.805030
85640|qPDF|s692 KB|uhttps://publications.gc.ca/collections/collection_2026/scc-csc/PS82-4-26-02-eng.pdf
8564 |qHTML|sN/A|uhttps://www.canada.ca/en/correctional-service/corporate/library/research/research-brief/26-02.html